| 000 | 00773nam a22001577a 4500 | ||
|---|---|---|---|
| 008 | 100628t xxu||||| |||| 00| 0 eng d | ||
| 082 |
_222 _a338.0962 _bق ا س |
||
| 100 |
_915384 _aقاسم،نوال |
||
| 245 |
_aتطور الصناعة المصرية منذ عهد محمد على حتى عهد عبد الناصر _cنوال قاسم |
||
| 260 |
_aالقاهرة: _bمكتبة مدبولى ، _c1987. |
||
| 300 |
_a365 ص. _c24سم. |
||
| 651 |
_915390 _aمصر _xالصناعات |
||
| 651 |
_915393 _aمصر _xأحوال إقتصادية _yتاريخ 1805-1970 |
||
| 942 |
_2ddc _cBB |
||
| 999 |
_c14267 _d14267 |
||